000 01498nam a22002777a 4500
005 20170124103054.0
010 _aB-180504
020 _c150.00
_a81263738
035 _aB-180504
037 _bCen Lib/Ret
040 _aDPL
_bHN
082 _a
_bजयकान्तन
100 _aजयकान्तन
_971343
245 _aअपना-अपना अंतरंग :
_cजयकान्तन ; अनुवादक बाल सुब्रमानियम [ एवं] शोर्रिराजन
_bतमिल कथाकार जयकान्तन की श्रेष्ठ कहानियाँ /
246 _aapna apna antrang : tamil kathakar jaykanatan ki shreshth kahaniyan
_bby Jaykantan ; anuvdak Balsubramaniyam [evam] Shourirajan
260 _aनई दिल्ली
_bभारतीय ज्ञानपीठ प्रकाशन
_c2005
270 _a18, इंडस्ट्रियल एरिया लोधी रोड
_bनई दिल्ली
_e110003
300 _a200पृष्ठ.
_c21सेमी(सजिल्द)
650 _aहिंदी साहित्य
_971344
650 _a हिंदी कहानी - तमिल
_943622
650 _aHindi literature
_971345
650 _aHindi story - Tamil
_971346
700 _aबालसुब्रमानियम
_971347
700 _aशौरिराजन
_971348
942 _2ddc
_cHN
_h
_mजयकान्तन
999 _c117322
_d117322